000
00312 a2200157 4500
001
160354
020
_a
040
_c
Magnum
100
_a
Lima, Aristides Fraga
240
1
0
_a
Perigos no mar
_l
por
245
1
0
_a
Perigos no mar
362
0
_a
1899
440
1
_a
Ática
697
_a
J/AVENTURA
942
_c
BK
999
_c
160354
_d
160354